Брилянтната идея (Запис номер 86472)
[ съкратено ]
| 000 -Лидер | |
|---|---|
| Контролно поле с фиксирана дължина | 02144nam a2200397 c 4500 |
| 003 - Код на организацията, давaща контролен номер | |
| Контролно поле | BLK |
| 005 - Дата и час на последна редакция | |
| Контролно поле | 20220411154235.0 |
| 008 - Елементи от данни с фиксирана дължина | |
| fixed length control field | 180408b bul|||||r ||||||| ||bul|| |
| 010 ## - Наследен системен номер | |
| LC control number | KNG00091095000 |
| 020 ## - Международен стандартен номер на книга ISBN | |
| Международен стандартен номер на книга ISBN | 954-9877-21-3 |
| -- | издат.: Амат-Ах |
| 040 ## - Източник на каталожния запис | |
| Идентификатор на билиотеката - собственик на записа | BLK |
| 041 ## - Код за език | |
| Код за езика на текст/звукозапис или на отделно заглавие | Български |
| Код за езика КДБФ | Български |
| 080 ## - УДК | |
| Текстов определител УДК | Икономическа психология. Икономическо поведение. Физиологични и психологични елементи. Интереси. Икономически дух |
| УДК код - определител по УДК | 330.16 |
| УДК определител | (02.062) |
| УДК - код + определител | 330.16(02.062) |
| 080 ## - УДК | |
| Текстов определител УДК | Етика на бизнеса. Успех |
| УДК код - определител по УДК | 174.4 |
| УДК определител | (02.062) |
| УДК - код + определител | 174.4(02.062) |
| 080 ## - УДК | |
| Текстов определител УДК | Индивидуална психология. Психология на личността. Индивидуалност. Психология на характера. Характерология. Психологическа типология |
| УДК код - определител по УДК | 159.923 |
| УДК определител | (02.062) |
| УДК - код + определител | 159.923(02.062) |
| 100 1# - Редна дума - Автор | |
| Автор | Милър, Дъглас |
| Авторска отговорност | първи автор |
| R(LIN) | 302263 |
| 139 ## - Редно поле | |
| Редна дума | Милър, Дъглас |
| Авторски знак | Мило - М 61 |
| 245 10 - Сведения за заглавието | |
| Заглавие | Брилянтната идея |
| Подзаглавни данни | Какво трябва да знаете, правите и казвате, за да имат успех вашите идеи на работното ви място |
| Редно поле (дума) | Дъглас Милър; прев. Евгения Миро. |
| 257 ## - Страна на издаване | |
| Страна на създаване/издаване | Великобритания |
| 260 ## - Област на издателските данни | |
| -- | София |
| Име на издателя, разпространителя и проч. | Амат-Ах |
| Година на издаване | 2008 |
| Печатница | София : Скала |
| 300 ## - Физическа характеристика | |
| Страници | 200 с. |
| Илюстрации и др. | с ил. |
| Размери/Мащаб | 20 см |
| 380 ## - Жанр | |
| Жанр | Обществени науки |
| 500 ## - Общи забележки | |
| Забележка | Ориг. загл. Brilliant Idea / Douglas Miller. - За автора. - Библиогр. с. 198. |
| 650 #4 - Допълнително описание по предмет – тема | |
| Основно описание – тема или топоним | Икономическо поведение |
| 9 (RLIN) | 245306 |
| 650 #4 - Допълнително описание по предмет – тема | |
| Основно описание – тема или топоним | Успех |
| 9 (RLIN) | 174913 |
| 650 #4 - Допълнително описание по предмет – тема | |
| Основно описание – тема или топоним | Личност - психология |
| 9 (RLIN) | 243160 |
| 653 ## - Ключова дума – ненормативна | |
| Ключова дума | икономическо поведение |
| 653 ## - Ключова дума – ненормативна | |
| Ключова дума | психология на личността |
| 653 ## - Ключова дума – ненормативна | |
| Ключова дума | бизнес етикет |
| 700 1# - Други автори (авторска отговорност) | |
| Лично име | Миро, Евгения |
| Автороска отговорност (Описва отношението между автора и произведението) | прев. |
| 9 (RLIN) | 370268 |
| 852 ## - Местоположение | |
| Форматна сигнатура | Цб 245136 |
| 856 4# - Електронен адрес и достъп | |
| Електронен формат | pdf - файл |
| Път до файла /url/ | |
| 856 4# - Електронен адрес и достъп | |
| Електронен формат | pdf - файл |
| Път до файла /url/ | |
| 942 ## - АРТИКУЛИ | |
| Вид на библиотечния материал | Книги |
| Скрит в OPAC | Не |
| Koha issues (borrowed), all copies | 6 |
| 944 ## - СЪЗДАВАНЕ И РЕДАКЦИЯ на ЗАПИСА | |
| Създаване/Редакция | Създаване |
| Дата на регистрацията/редакция | 26.08.2009 |
| Статус, дата на статуса | ф / |
| Служител, извършил регистрацията/редакцията | Людмила_Стоянова |
| 944 ## - СЪЗДАВАНЕ И РЕДАКЦИЯ на ЗАПИСА | |
| Създаване/Редакция | Редакция |
| Дата на регистрацията/редакция | 25.06.2014 |
| Статус, дата на статуса | ф / |
| Служител, извършил регистрацията/редакцията | |
| 999 ## - СИСТЕМНИ КОНТРОЛНИ НОМЕРА | |
| Koha biblionumber | 86472 |
| Koha biblioitemnumber | 86472 |
| Код за отписване | Код за изгубен артикул | Код за повреда | Коз за рестрикции | Код за отдаване | Артикулен № | Име на библиотеката - собственик | Име на библиотеката, в която се намира в момента | Статус (Текущо местоположение) | Дата на вписване в системата | Местоположение - отдел | Цена в лева | Инвентарен номер | Систематично азбучна сигнатура | Баркод | Номер на екземпляра | Цена в евро | Служебна бележка | Служебен тип на артикула |
|---|---|---|---|---|---|---|---|---|---|---|---|---|---|---|---|---|---|---|
| Не е изгубен | Не е повреден | без рестрикции | ползва се в читалня | 140001 | Регионална библиотека "Любен Каравелов" Русе | Регионална библиотека "Любен Каравелов" Русе | Хранилище | 2009-08-25 | Хранилище | 16.40 | 120000737672 | Цб 245136 | 120000737672 | 1 | 8.39 | Дост: Dp Вид: Д N: 11 Дата: 04.03.2009 | Книги | |
| Не е изгубен | Не е повреден | без рестрикции | заемане за дома | 140002 | Регионална библиотека "Любен Каравелов" Русе | Регионална библиотека "Любен Каравелов" Русе | Заемна - подръчен фонд | 2014-06-18 | Заемна - подръчен фонд | 5.00 | 120000778311 | П 330.16/М 61 | 120000778311 | 2 | 2.56 | Дост: DA Вид: А N: 9 Дата: 18.06.2014 Дата инв: 06.02.2018 Бележки инв: П2018 | Книги |